| LEADER | 01225nam a2200385 a 4500 | ||
|---|---|---|---|
| 001 | 000674397 | ||
| 003 | CZ BrMZK | ||
| 005 | 20100609083311.0 | ||
| 007 | ta | ||
| 008 | 030620s2003 xr e f und d | ||
| 015 | |a cnb001250002 | ||
| 020 | |a 80-86497-40-2 |q (váz.) : |c Kč 450,00 | ||
| 035 | |a (OCoLC)53267980 | ||
| 040 | |a BOA001 |b cze | ||
| 072 | 7 | |a 004.4/.6 |x Programování. Software |2 Konspekt |9 23 | |
| 080 | |a 004.432.2 |2 MRF | ||
| 080 | |a 004.42MySQL |2 MRF | ||
| 080 | |a 004.65 |2 MRF | ||
| 080 | |a 004.738.12 |2 MRF | ||
| 080 | |a 004.438PHP |2 MRF | ||
| 080 | |a (035) |2 MRF | ||
| 245 | 0 | 0 | |a PHP a MySQL : |b vytváříme dynamické webové stránky / |c David Tansley |
| 250 | |a 1. vyd. | ||
| 260 | |a Praha : |b Softpress, |c 2003 | ||
| 300 | |a 480 s. : |b il. ; |c 24 cm + |e 1 CD | ||
| 650 | 0 | 7 | |a skriptové jazyky |7 ph135534 |2 czenas |
| 650 | 0 | 7 | |a MySQL |7 ph136816 |2 czenas |
| 650 | 0 | 7 | |a databázové systémy |7 ph114296 |2 czenas |
| 650 | 0 | 7 | |a WWW stránky |7 ph117163 |2 czenas |
| 650 | 0 | 7 | |a PHP |7 ph117976 |2 czenas |
| 655 | 7 | |a příručky |7 fd133209 |2 czenas | |
| 910 | |a BOA001 |b 2-1121.065 | ||
| 990 | |a BK | ||
| 991 | |d dopl | ||
| 996 | 6 | |b 2610759049 |c 2-1121.065 |l MZK |r Sklad / do 1 hodiny |n 0 |p dar |w 000674397 |u 000020 |a 1 |e BOA001 |j MZK50 |s P | |
English
Čeština 